000 00579nam a2200169Ia 4500
008 230925s9999||||xx |||||||||||||| ||und||
082 _a620.1 NAW
100 _aNawaz, Muhammad Usman (317622)
_9118285
245 0 _aOptimizing Optoelectronic Properties of Perovskite Absorber Material via Ambient Compositional Engineering with Potassium (K) and Tin (Sn) /
260 _bUSPCAS-E, NUST,Islamabad :
_c2022
300 _axiii, 77 p.
520 _aTH-505
650 _vMS Thesis
_918721
650 _vMS-ESE Thesis
700 _aDr. Nadia Shahzad
_9117122
942 _cTHE
_2ddc
999 _c603252
_d603252